[Event "28th European Club Cup"]
[Site "Eilat ISR"]
[Date "2012.10.15"]
[Round "5.14"]
[White "Nakamura,Hi"]
[Black "Moen,A"]
[Result "1-0"]
[WhiteElo "2786"]
[BlackElo "2377"]

1.Nf3 d5 2.g3 Nf6 3.Bg2 Bg4 4.d3 c6 5.Nbd2 e6 6.h3 Bh5 7.g4 Bg6 8.Nh4 Be7
9.e3 O-O 10.Nxg6 fxg6 11.g5 Ne8 12.h4 Nd7 13.Qg4 Nc7 14.Nf3 Qe8 15.Bd2 Bd6
16.O-O-O e5 17.h5 Qe6 18.Qh4 gxh5 19.Qxh5 Qg6 20.Qh3 Rf7 21.e4 Nf8 22.Nh4 Qe6
23.Nf5 Bc5 24.g6 Qxg6 25.Bf3 dxe4 26.Bxe4 Qe6 27.Kb1 Kh8 28.f4 exf4 29.Qh5 Nd5
30.Nh4 Kg8 31.Nf3 g6 32.Qh6 Be7 33.Rdg1 Bf6 34.c4 Bg7 35.Qh2 Qf6 36.Be1 Ne3
37.Ng5 Re7 38.Bb4 Rae8 39.Nxh7 Qd4 40.Nxf8 Rxe4 41.Qh7+  1-0

[Event "2nd Indonesia Open"]
[Site "Jakarta INA"]
[Date "2012.10.15"]
[Round "6.4"]
[White "Nguyen Ngoc Truong Son"]
[Black "Grigoryan,Av"]
[Result "1/2-1/2"]
[WhiteElo "2635"]
[BlackElo "2572"]

1.Nf3 d5 2.g3 Nc6 3.d4 Bg4 4.Bg2 Qd7 5.O-O O-O-O 6.c4 dxc4 7.Qa4 a6 8.Qxc4 Bxf3
9.Bxf3 Nxd4 10.Nc3 Nxf3+ 11.exf3 e5 12.Bg5 Be7 13.Rfd1 Qe6 14.Rxd8+ Bxd8
15.Qxe6+ fxe6 16.Bxd8 Kxd8 17.Re1 Nf6 18.Rxe5 Ke7 19.f4 g6 20.Kf1 Rd8 21.Ke2 Rd4
22.f3 Kd6 23.h4 b5 24.Re3 c5 25.Rd3 e5 26.Ne4+ Nxe4 27.fxe4 c4 28.Rxd4+ exd4
29.b4 cxb3 30.axb3 a5 31.Kd3 Kc5 32.f5 gxf5 33.exf5 Kd5 34.f6 Ke6 35.Kxd4 Kxf6
36.Kc5 a4 37.bxa4 bxa4 38.Kb4 Kf5 39.Kxa4 Kg4 40.Kb3 Kxg3 41.h5 Kg4 42.h6 Kg5
43.Kc4 Kxh6 44.Kd3 Kg5 45.Ke3  1/2-1/2

[Event "28th European Club Cup"]
[Site "Eilat ISR"]
[Date "2012.10.16"]
[Round "6.12"]
[White "Gofshtein,L"]
[Black "Svetushkin,D"]
[Result "0-1"]
[WhiteElo "2480"]
[BlackElo "2597"]

1.Nf3 d5 2.g3 Nf6 3.Bg2 c6 4.d3 Bf5 5.O-O h6 6.Nbd2 e6 7.Qe1 Be7 8.e4 Bh7
9.Qe2 O-O 10.b3 a5 11.a3 Qb6 12.Bb2 a4 13.b4 c5 14.exd5 Nxd5 15.c4 Nf6 16.b5 Rd8
17.Ne4 Nxe4 18.dxe4 Nd7 19.Ne1 Qa5 20.Rc1 Qc7 21.f4 Nb6 22.Nd3 Rd7 23.Ne5 Rd6
24.Ng4 Qd7 25.Bc3 Rd8 26.h4 Qe8 27.f5 h5 28.f6 hxg4 29.fxe7 Qxe7 30.Qxg4 e5
31.Ba5 Qd7 32.Qf3 f6 33.g4 Rd3 34.Qe2 Qd4+ 35.Qf2 Rd6 36.Bxb6 Rxb6 37.Qxd4 Rxd4
38.Rfe1 Kf8 39.Kf2 Ke7 40.Ke3 Rbd6 41.Rc3 Rd2 42.Bf3 R6d4 43.g5 Rh2 44.gxf6+ Kxf6
45.h5 Rh3 46.Rh1 Rxf3+  0-1

[Event "2nd Indonesia Open"]
[Site "Jakarta INA"]
[Date "2012.10.16"]
[Round "8.21"]
[White "Gao Rui"]
[Black "Guo Qi"]
[Result "1/2-1/2"]
[WhiteElo "2443"]
[BlackElo "2391"]

1.Nf3 d5 2.g3 Bg4 3.Bg2 Nd7 4.c4 e6 5.Qb3 Nc5 6.Qe3 c6 7.d4 Nd7 8.cxd5 cxd5
9.Nc3 Bxf3 10.Qxf3 Ngf6 11.O-O Be7 12.Bf4 O-O 13.Rfc1 Qb6 14.Qd3 Rfc8 15.Na4 Qa5
16.Qb3 Nb6 17.Nxb6 Qxb6 18.Qxb6 axb6 19.a4 Kf8 20.b3 Ke8 21.Bd2 Kd8 22.f3 Rc6
23.e3 Rac8 24.Rxc6 Rxc6 25.Ra2 Rc8 26.Bf1 Ne8 27.Bd3 g6 28.Kf2 f5 29.h3 Nd6
30.g4 Bh4+ 31.Ke2 Kd7 32.Ra1 Ra8 33.Rc1 Rc8 34.Rxc8 Kxc8 35.Bb4 Kd7 36.Kd2 Be7
37.Bc3 Kc6 38.Ke2 Bh4 39.Bb4 Kd7 40.Bb5+ Nxb5 41.axb5 Be7 42.Be1 Bd6 43.Bc3 Ke7
44.Kd3 Kf6 45.Be1 fxg4 46.fxg4 g5 47.e4 Kg6 48.Ke3 h6  1/2-1/2

[Event "7th Americas Continental 2012"]
[Site "Mar del Plata ARG"]
[Date "2012.10.16"]
[Round "6.9"]
[White "Julia,E"]
[Black "Cori,J"]
[Result "0-1"]
[WhiteElo "2370"]
[BlackElo "2522"]

1.Nf3 d5 2.g3 c6 3.Bg2 Nf6 4.d3 Bg4 5.b3 Nbd7 6.Bb2 e6 7.Nbd2 a5 8.a3 Bd6
9.O-O O-O 10.e4 Be5 11.Qb1 Bxf3 12.Bxf3 Qb6 13.c3 dxe4 14.dxe4 Rfd8 15.Qc2 Qa7
16.Rfd1 Bc7 17.Rf1 Ne5 18.Be2 Bb6 19.Nc4 Nxc4 20.Bxc4 Ng4 21.Rae1 Rd7 22.Bc1 Rad8
23.Kg2 h6 24.e5 Bc7 25.Bf4 Qc5 26.Qe2 b5 27.Bxe6 fxe6 28.Qxg4 Qd5+ 29.Kg1 Kh7
30.b4 Qc4 31.h4 g6 32.Kg2 Rd3 33.Rc1 Bb6 34.Kg1 a4 35.Rcd1 R8d7 36.Rxd3 Rxd3
37.Rd1 h5 38.Qg5 Rxd1+ 39.Kh2 Rh1+ 40.Kxh1 Qf1+ 41.Kh2 Qxf2+  0-1

[Event "34th Arco Open"]
[Site "Arco ITA"]
[Date "2012.10.17"]
[Round "5"]
[White "Drasko,M"]
[Black "Bruno,Fabi"]
[Result "1/2-1/2"]
[WhiteElo "2471"]
[BlackElo "2416"]

1.Nf3 d5 2.g3 Nf6 3.Bg2 c6 4.O-O Bg4 5.d3 Nbd7 6.Qe1 e5 7.e4 dxe4 8.dxe4 Qc7
9.Nbd2 h6 10.h3 Be6 11.Qe2 Bc5 12.a4 O-O 13.b3 a6 14.Bb2  1/2-1/2

[Event "28th European Club Cup"]
[Site "Eilat ISR"]
[Date "2012.10.17"]
[Round "7.5"]
[White "Malakhov,V"]
[Black "Laznicka,V"]
[Result "1/2-1/2"]
[WhiteElo "2713"]
[BlackElo "2678"]

1.Nf3 d5 2.g3 Bg4 3.Bg2 Nd7 4.c4 c6 5.cxd5 cxd5 6.Nc3 e6 7.Qb3 Bxf3 8.Bxf3 Qb6
9.Qxb6 Nxb6 10.d3 Ne7 11.O-O Nc6 12.Nb5 Kd7 13.Be3 Nc8 14.Rfc1 Nd6 15.Nd4 Be7
16.Nb3 Rhc8 17.Bd2 Bf6 18.Rab1 b6 19.e3 a5 20.a4 Nb4 21.Be2 Rxc1+ 22.Nxc1 Rc8
23.Bd1 Nb7 24.d4 Be7 25.Kf1 Nd6 26.Bxb4 axb4 27.Nd3 Nc4 28.Ke2 Bd6 29.Rc1 Rc6
30.g4 g5 31.h3 h6 32.f4 Ke7 33.Rc2 Na5 34.Rxc6 Nxc6 35.Kf3 Bc7 36.Bc2 Bd6
37.Bd1 Bc7 38.Bc2 Bd6 39.Bd1 Bc7 40.Bc2 Bd6  1/2-1/2

[Event "7th Americas Continental 2012"]
[Site "Mar del Plata ARG"]
[Date "2012.10.17"]
[Round "8.41"]
[White "Perez Gormaz,M"]
[Black "Benedetti,J"]
[Result "1-0"]
[WhiteElo "2261"]
[BlackElo "2117"]

1.Nf3 d5 2.g3 Nc6 3.Bg2 e5 4.d3 Nf6 5.O-O h6 6.c4 dxc4 7.Qa4 Bd7 8.Qxc4 Bd6
9.Nc3 g5 10.d4 e4 11.Ne5 Bxe5 12.dxe5 Nxe5 13.Qc5 Qe7 14.Nxe4 Nxe4 15.Qxe7+ Kxe7
16.Bxe4 Bc6 17.Bc2 f6 18.b3 Rad8 19.Ba3+ Kf7 20.Rad1 Bb5 21.Rfe1 Rxd1 22.Bxd1 Re8
23.Bb4 h5 24.f3 c5 25.Bc3 c4 26.b4 Nd7 27.a4 Bc6 28.Bc2 a6 29.Kf2 Nb6 30.b5 Nd5
31.bxc6 Nxc3 32.cxb7 Rb8 33.Ke3 Rxb7 34.Kd4 Na2 35.Kxc4 Rb2 36.Bb3 Ke6 37.Ra1  1-0

[Event "Spice Cup Open"]
[Site "Saint Louis USA"]
[Date "2012.10.17"]
[Round "4"]
[White "Bregadze,L"]
[Black "Heredia Serrano,C"]
[Result "1-0"]
[WhiteElo "2366"]
[BlackElo "2188"]

1.Nf3 d5 2.g3 Nf6 3.Bg2 Bf5 4.O-O c6 5.d3 Nbd7 6.Nbd2 e5 7.Qe1 Bb4 8.c3 Be7
9.b3 O-O 10.Bb2 a5 11.e4 dxe4 12.dxe4 Bg6 13.c4 Qc7 14.a3 Rfe8 15.Bc3 Bf8
16.Nh4 Nc5 17.Nxg6 hxg6 18.b4 Nd3 19.Qe3 axb4 20.axb4 Nxb4 21.Bxb4 Bxb4 22.Nf3 Qe7
23.h3 Bc5 24.Qe2 Red8 25.Kh2 Rxa1 26.Rxa1 Qd6 27.Rb1 b6 28.Ra1 Bd4 29.Ra2 c5
30.Ra7 Qc6 31.Ng5 Rd7 32.Ra3 Re7 33.Qa2 Ne8 34.Ra8 f6 35.Nf3 Kf7 36.Nh4 Nd6
37.Rb8 Bc3 38.Qb3 Ba5 39.Qd1 Qd7 40.Bf3 Ne8 41.Qe2 Qc7 42.Ra8 Qb7 43.Bh5 Qxa8
44.Bxg6+ Ke6 45.Qg4+ Kd6 46.Nf5+ Kc7 47.Nxe7 Nd6 48.Nd5+ Kc6 49.Bf5  1-0

[Event "34th Arco Open"]
[Site "Arco ITA"]
[Date "2012.10.18"]
[Round "6"]
[White "Vezzosi,P"]
[Black "Astengo,C"]
[Result "1/2-1/2"]
[WhiteElo "2308"]
[BlackElo "2119"]

1.Nf3 d5 2.g3 Nf6 3.Bg2 e6 4.O-O Be7 5.c4 O-O 6.d4 dxc4 7.Qa4 a6 8.Qxc4 b5
9.Qc2 Bb7 10.Bd2 Be4 11.Qc1 Bb7 12.Rd1 Qc8 13.a4 b4 14.a5 c5 15.dxc5 Bxc5
16.Be1 Nbd7 17.Nbd2 Bd5 18.b3 Rd8 19.Qb2 Qb7 20.Nh4 Qa7 21.Nc4 Bxg2 22.Nxg2 Ne4
23.Nge3 Ndf6 24.Rxd8+ Rxd8 25.Rd1 Rxd1 26.Nxd1 Qd7 27.Qc2 h6 28.Ndb2 Qd4
29.Nd3 Qa1 30.Kg2 Qd4 31.h4 Nd5 32.e3 Qf6 33.f3 Nd6 34.Bf2 Nxc4 35.Qxc4 Bxe3
36.Qxa6 Bxf2 37.Kxf2 Qd4+ 38.Kg2 Qc3 39.Nf4 Ne3+ 40.Kf2 Nd1+ 41.Ke2 Qc2+
42.Ke1 Nc3 43.Qd3 Qxb3  1/2-1/2

[Event "34th Arco Open"]
[Site "Arco ITA"]
[Date "2012.10.18"]
[Round "6"]
[White "Ager,J"]
[Black "Joerges,F"]
[Result "1-0"]
[WhiteElo "2193"]
[BlackElo "1915"]

1.Nf3 d5 2.g3 Nf6 3.Bg2 Bg4 4.c4 Bxf3 5.Bxf3 c6 6.Qb3 Qb6 7.Qc2 e6 8.O-O Nbd7
9.b3 Be7 10.Bb2 O-O 11.d3 d4 12.Nd2 Rad8 13.Bg2 Rfe8 14.Nf3 c5 15.Rab1 Qc7
16.b4 b6 17.b5 Bd6 18.a4 e5 19.Nd2 Ng4 20.h3 Nh6 21.a5 f5 22.axb6 axb6 23.Ra1 Nf6
24.Ra6 e4 25.dxe4 Nxe4 26.Nxe4 fxe4 27.Bxe4 Bxg3 28.fxg3 Qxg3+ 29.Bg2 Rf8
30.Rxf8+ Rxf8 31.Qe4 Qe1+ 32.Kh2 Nf5 33.Qe5 Ne3 34.Ra7 Rf7 35.Ra8+  1-0

[Event "US Chess League 2012"]
[Site "ICC INT"]
[Date "2012.10.18"]
[Round "7"]
[White "Margvelashvili,G"]
[Black "Kacheishvili,G"]
[Result "1-0"]
[WhiteElo "2570"]
[BlackElo "2607"]

1.Nf3 d5 2.g3 c6 3.Bg2 Nf6 4.c4 g6 5.b3 Bg7 6.Bb2 O-O 7.O-O Nbd7 8.Qc2 b6
9.d4 Bb7 10.Nc3 Qc7 11.Rac1 Rac8 12.Rfd1 e6 13.cxd5 cxd5 14.Qb1 Qb8 15.Ba3 Rfd8
16.Rc2 Ba6 17.Rdc1 Bh6 18.Rd1 Qb7 19.Bc1 Bf8 20.b4 Bc4 21.b5 a6 22.a4 axb5
23.axb5 Qa7 24.Bg5 Be7 25.Qb2 Ra8 26.Nd2 Rdc8 27.Nxc4 Rxc4 28.e4 Rac8 29.exd5 Bb4
30.dxe6 Bxc3 31.Qb3 Rb4 32.exf7+ Kg7 33.Qe6 Qa4 34.Bxf6+ Nxf6 35.Qxc8  1-0

[Event "US Chess League 2012"]
[Site "ICC INT"]
[Date "2012.10.18"]
[Round "7"]
[White "Chase,C"]
[Black "Lowinger,D"]
[Result "1-0"]
[WhiteElo "2315"]
[BlackElo "2130"]

1.Nf3 d5 2.g3 c5 3.Bg2 Nc6 4.O-O e5 5.d3 Be7 6.Nbd2 g5 7.e4 g4 8.Ne1 d4 9.f4 gxf3
10.Nexf3 Bg4 11.h3 Bh5 12.g4 Bg6 13.Nc4 Qc7 14.a4 O-O-O 15.Qe1 f6 16.Nh4 Bf7
17.Nf5 Bxc4 18.dxc4 Nb4 19.Qe2 h5 20.gxh5 Bf8 21.Ra3 Ne7 22.Rg3 Nxf5 23.exf5 Bd6
24.Rg6 Qe7 25.Qg4 Bc7 26.h6 d3 27.cxd3 Rd4 28.Be4 Nxd3 29.Be3 Nf4 30.Bxd4 cxd4
31.Rg8+ Rxg8 32.Qxg8+ Bd8 33.h7  1-0

[Event "Copenhagen Cup IMA 2012"]
[Site "Copenhagen DEN"]
[Date "2012.10.19"]
[Round "4.1"]
[White "Danielsen,Hen"]
[Black "Palm,N"]
[Result "1-0"]
[WhiteElo "2524"]
[BlackElo "2307"]

1.g3 d5 2.Nf3 c6 3.Bg2 Bg4 4.c4 Nf6 5.O-O e6 6.cxd5 exd5 7.d3 Bd6 8.Nc3 O-O
9.h3 Bf5 10.Nh4 Be6 11.e4 Nbd7 12.f4 dxe4 13.dxe4 Bc5+ 14.Kh2 Bc4 15.Rf3 Re8
16.b3 Ba6 17.e5 Nd5 18.Nxd5 cxd5 19.Bb2 Nf8 20.Rc1 Qb6 21.f5 d4 22.e6 Rad8
23.exf7+ Kxf7 24.b4 Bxb4 25.Rf4 Bc5 26.Qh5+ Kg8 27.f6 Re2 28.Rxc5 Rxb2 29.Rg5 Ne6
30.Qxh7+ Kxh7 31.Rh5+ Kg8 32.f7+ Kf8 33.Ng6+  1-0

[Event "Spice Cup Open"]
[Site "Saint Louis USA"]
[Date "2012.10.19"]
[Round "8"]
[White "Priyadharshan,K"]
[Black "Sharevich,A"]
[Result "1-0"]
[WhiteElo "2407"]
[BlackElo "2294"]

1.Nf3 d5 2.g3 Nf6 3.Bg2 c6 4.O-O Bg4 5.b3 Nbd7 6.Bb2 Bxf3 7.exf3 e6 8.d4 Bd6
9.c4 O-O 10.f4 b5 11.cxb5 cxb5 12.Qd3 Qb6 13.f5 b4 14.fxe6 fxe6 15.Nd2 a5
16.Bh3 Rae8 17.Rae1 Bb8 18.Re2 Re7 19.Rfe1 Rfe8 20.Kg2 Qc6 21.f4 g6 22.Rc1 Qb6
23.Qc2 Nh5 24.Rf2 Bd6 25.Kh1 Qb8 26.Nf3 Nhf6 27.Ng5 Nf8 28.Re2 h6 29.Nxe6 Nxe6
30.Qxg6+ Rg7 31.Qxf6  1-0

[Event "TCh-CZE Div1 Vychod 2012-13"]
[Site "Czech Republic CZE"]
[Date "2012.10.20"]
[Round "1.3"]
[White "Jasny,S"]
[Black "Vyskocil,N"]
[Result "0-1"]
[WhiteElo "2307"]
[BlackElo "2368"]

1.Nf3 d5 2.g3 g6 3.Bg2 Bg7 4.d4 Nf6 5.O-O O-O 6.c4 c6 7.cxd5 cxd5 8.Ne5 Nc6
9.Nxc6 bxc6 10.Nc3 Nd7 11.Na4 e5 12.dxe5 Nxe5 13.Be3 Re8 14.Bd4 Bf5 15.Nc5 Qa5
16.b3 Qb4 17.e3 Bg4 18.f3 Bf5 19.g4 Bc8 20.Qe1 a5 21.a3 Qxe1 22.Rfxe1 f5
23.h3 Rb8 24.Rad1 Bf8 25.f4 Nd7 26.Rc1 Bxc5 27.Bxc5 Rxb3 28.gxf5 gxf5 29.Bd4 Bb7
30.Rb1 a4 31.Rxb3 axb3 32.Rb1 c5 33.Rxb3 cxd4 34.Rxb7 dxe3 35.Bxd5+ Kh8 36.Bf3 Nc5
37.Rf7 e2 38.Bxe2 Rxe2 39.Rxf5 Nd3 40.a4 Re4 41.a5 Ra4 42.Kh2 Nxf4 43.Kg3 Ne2+
44.Kf2 Nd4 45.Rf8+ Kg7 46.Ra8 Nc6 47.Ra6 Nxa5 48.Kg3 Ra3+ 49.Kh4 Nc4 50.Rc6 Ne5
51.Rb6 Ng6+ 52.Kg4 Ra4+ 53.Kg3 h5 54.Rb7+ Kh6 55.Rb5 Ra3+ 56.Kh2 Nf4 57.Rc5 Rxh3+
58.Kg1 Rg3+ 59.Kh1 h4 60.Ra5 Rg5 61.Ra4 Rf5 62.Kh2 Kg5 63.Rc4 Re5 64.Ra4 Kg4
65.Rb4 Re2+ 66.Kh1 Rd2 67.Ra4 Kg3  0-1

[Event "Bundesliga 2012-13"]
[Site "Forchheim GER"]
[Date "2012.10.20"]
[Round "1"]
[White "Appel,R"]
[Black "Abel,D"]
[Result "1/2-1/2"]
[WhiteElo "2525"]
[BlackElo "2437"]

1.Nf3 d5 2.g3 c6 3.Bg2 Bg4 4.O-O Nd7 5.d3 e6 6.e4 Bc5 7.h3 Bxf3 8.Qxf3 Ne7
9.b3 O-O 10.Bb2 f5 11.Nd2 Qc7 12.Kh1 Ng6 13.exd5 exd5 14.Qh5 f4 15.Nf3 Nf6
16.Bxf6 Rxf6 17.g4 Ne7 18.g5 Rff8 19.c3 Ng6 20.d4 Bd6 21.Rfe1 Rae8 22.Qg4 Qf7
23.Bf1 Ba3 24.Rab1 Bd6 25.Bd3 Rxe1+ 26.Rxe1 Re8 27.Rxe8+ Qxe8 28.Qf5 Nf8
29.c4 g6 30.Qg4 Qe6 31.Qg2 Kg7 32.Qf1 Be7 33.Kg2 h6 34.gxh6+ Kxh6 35.Ne5 Bf6
36.Ng4+ Kg7 37.Qc1 g5 38.Qc3 dxc4 39.bxc4 Qd6 40.Qb3 b6 41.d5 Nd7 42.Be2 b5
43.Qf3 cxd5 44.cxd5 a6 45.Qe4 Ne5 46.Nxe5 Qxe5 47.Qd3 Qd4 48.Qf5 Qe5 49.Qd7+ Qe7
50.Qg4 Qd6 51.Bf3 Kf7 52.Qf5 Ke7 53.Qh7+ Kd8 54.Qb7 Be5 55.Bg4 Bd4 56.Qc8+ Ke7
57.Qg8 Bf6 58.Bh5 Kd7 59.Qa8 Kc7 60.Qa7+ Kd8 61.Qb7 Be5 62.Bg4 Bd4 63.Qf7 Bf6
64.Kf1 Be7 65.Bf3 Kc7 66.Qe8  1/2-1/2

[Event "7th Americas Continental 2012"]
[Site "Mar del Plata ARG"]
[Date "2012.10.20"]
[Round "10.18"]
[White "Ricardi,P"]
[Black "Toniutti,E"]
[Result "1-0"]
[WhiteElo "2505"]
[BlackElo "2162"]

1.Nf3 d5 2.g3 c6 3.Bg2 Bg4 4.d3 Nd7 5.Nbd2 e6 6.O-O Bd6 7.h3 Bh5 8.c4 Ne7
9.Rb1 a5 10.b3 O-O 11.a3 b5 12.Bb2 Qb8 13.Re1 e5 14.g4 Bg6 15.Nh4 Nc5 16.Nxg6 hxg6
17.cxd5 cxd5 18.d4 Ne6 19.dxe5 Bxe5 20.e3 Bxb2 21.Rxb2 Qd6 22.b4 axb4 23.Rxb4 Rxa3
24.Rxb5 Qa6 25.Bf1 Qa7 26.Qb1 Rc8 27.Nf3 Qa4 28.Rb7 Qe4 29.Qxe4 dxe4 30.Nd2 Nc6
31.Rc1 Rd8 32.Nxe4 Ne5 33.Bg2 Ra2 34.Rcb1 Nc4 35.Re7 Nd2 36.Nxd2 Raxd2 37.Rbb7 Nc5
38.Rbc7 R2d7 39.Rexd7 Nxd7 40.g5 Nf8 41.h4 Ne6 42.Ra7 Kf8 43.Kh2 Rb8 44.Kg3 Rc8
45.Bd5 Nd8 46.Kf4 Rc2 47.Kf3 Rb2 48.e4 Rc2 49.Ke3 Rc3+ 50.Kf4 Rc1 51.Ke3 Rc3+
52.Kf4 Rc2 53.f3 Rg2 54.Ke5 Ke8 55.Kd6 Rc2 56.Ra8 Rc1 57.f4 Rd1 58.f5  1-0

[Event "TCh-SUI National A 2012"]
[Site "Switzerland SUI"]
[Date "2012.10.20"]
[Round "8.3"]
[White "Pelletier,Y"]
[Black "Marciano,D"]
[Result "1-0"]
[WhiteElo "2589"]
[BlackElo "2514"]

1.Nf3 d5 2.g3 c6 3.Bg2 Bg4 4.c4 e6 5.O-O Nd7 6.cxd5 exd5 7.d3 Bd6 8.Nc3 Ngf6
9.h3 Bh5 10.Qc2 O-O 11.e3 Nc5 12.Ne2 Bg6 13.Rd1 h6 14.b4 Ne6 15.Bd2 Qe7 16.a3 Rfc8
17.Bc3 Nd7 18.e4 dxe4 19.dxe4 Nef8 20.Nh4 Rd8 21.Nxg6 Nxg6 22.Nd4 Be5 23.Nf5 Qe6
24.Bxe5 Ndxe5 25.f4 Rxd1+ 26.Rxd1 Nd7 27.Nd6 Qe7 28.Nxb7 Nf6 29.Nd6 Rd8 30.e5 Nh5
31.Nf5 Rxd1+ 32.Qxd1 Qe6 33.Qxh5  1-0

[Event "TCh-SUI National A 2012"]
[Site "Switzerland SUI"]
[Date "2012.10.20"]
[Round "8.2"]
[White "Zueger,B"]
[Black "Jussupow,Ar"]
[Result "1/2-1/2"]
[WhiteElo "2425"]
[BlackElo "2578"]

1.g3 d5 2.Nf3 Nd7 3.d4 e6 4.Bg2 c6 5.O-O Bd6 6.b3 f5 7.Ba3 Bxa3 8.Nxa3 Qe7
9.Qc1 Ngf6 10.c4 O-O 11.Nc2 b6 12.Qb2 Bb7 13.cxd5 cxd5 14.Rfc1 Rfc8 15.Nce1 Ba6
16.e3 Ne4 17.Rxc8+ Rxc8 18.Rc1 Qf8 19.Bf1 Rxc1 20.Qxc1 Qc8 21.Qa3 Bxf1 22.Kxf1 a5
23.Qe7 Nf8 24.Ne5 Ng6 25.Qf7+ Kh8 26.N1d3 Nd6 27.Nxg6+ hxg6 28.Qxg6 Qa6 29.Ke2 Qc8
30.Nf4 Ne4 31.Kf1 Qc1+ 32.Kg2 Nd2 33.Qe8+ Kh7 34.Qg6+ Kh8 35.Qe8+ Kh7 36.Qh5+ Kg8
37.Qe2 g5 38.Nxe6 g4 39.Qb5 Kf7 40.Nf4 Nf3 41.Qd7+ Kg8 42.Qxd5+ Kh8 43.Qd8+ Kh7
44.Qe7+ Kg8 45.Qe8+ Kg7 46.Qg6+ Kh8 47.Qf6+ Kg8 48.Qe6+ Kh8 49.Qe8+ Kg7 50.Qe7+ Kg8
51.Qd8+ Kh7 52.Qd7+ Kg8 53.Qe6+ Kh8 54.Qh6+ Kg8 55.Qg6+ Kh8 56.Qe8+  1/2-1/2

[Event "34th Arco Open"]
[Site "Arco ITA"]
[Date "2012.10.21"]
[Round "9"]
[White "Drasko,M"]
[Black "De Eccher,S"]
[Result "1-0"]
[WhiteElo "2471"]
[BlackElo "2230"]

1.Nf3 d5 2.g3 Nf6 3.Bg2 c6 4.O-O Bf5 5.b3 e6 6.Bb2 Be7 7.d3 h6 8.Nbd2 O-O
9.c4 Nbd7 10.a3 a5 11.Qc2 Bh7 12.Bc3 Bd6 13.b4 e5 14.c5 Bc7 15.e4 Re8 16.Rfe1 axb4
17.axb4 b6 18.cxb6 Bxb6 19.Bh3 Qc7 20.Rac1 g5 21.Bg2 Bxf2+ 22.Kxf2 Qb6+ 23.Kf1 Ng4
24.d4 dxe4 25.Nxe4 f5 26.Nd6 f4 27.Qb3+ Kh8 28.Nxe8 Rxe8 29.Qf7 Rf8 30.Qxd7 fxg3  1-0

[Event "TCh-AUT 2 Mitte 2012-13"]
[Site "Bad Schallerbach AUT"]
[Date "2012.10.21"]
[Round "3.3"]
[White "Schmidt,Pe1"]
[Black "Degtiarev,E"]
[Result "1/2-1/2"]
[WhiteElo "2386"]
[BlackElo "2378"]

1.Nf3 d5 2.g3 g6 3.Bg2 Bg7 4.d4 Nf6 5.O-O O-O 6.Nbd2 c5 7.dxc5 Qc7 8.Nb3 e5
9.Bg5 Be6 10.Qc1 Nbd7 11.Bh6 Rfc8 12.Bxg7 Kxg7 13.Ng5 Nxc5 14.Nxc5 Qxc5 15.Nxe6+ fxe6
16.Qg5 e4 17.Rac1 Rc6 18.Rfd1 b5 19.a3 Rac8 20.Qe5 Qd6 21.Qxd6 Rxd6 22.f3 exf3
23.exf3 e5 24.Rd2 Re8 25.Re1 Kf7 26.c3 h5 27.Ra1 Rb6 28.Bf1 Re7 29.Be2 g5
30.h4 Kg6 31.Bd3+  1/2-1/2

[Event "38th Guernsey Open"]
[Site "Guernsey GCI"]
[Date "2012.10.21"]
[Round "1"]
[White "Burton,R"]
[Black "Tischbierek,R"]
[Result "0-1"]
[WhiteElo "2013"]
[BlackElo "2468"]

1.Nf3 d5 2.g3 c5 3.Bg2 g6 4.O-O Bg7 5.d3 Nc6 6.Nbd2 e6 7.e4 Nge7 8.Re1 O-O
9.c3 b6 10.e5 Qc7 11.Qe2 Ba6 12.a3 g5 13.Nxg5 Qxe5 14.Qxe5 Nxe5 15.d4 cxd4
16.Rxe5 Bxe5 17.Ndf3 Bg7 18.Nxd4 e5 19.Nc2 h6 20.Nh3 Rac8 21.Nb4 Bc4 22.Bd2 Rfd8
23.Re1 Ng6 24.f4 e4 25.Nf2 f5 26.Bh3 d4 27.Bxf5 e3 28.Bxe3 dxe3 29.Rxe3 Kf7
30.Bxc8 Rxc8 31.Ne4 Rd8 32.Kf2 Ne7 33.g4 a5 34.Nc2 Nd5 35.Rf3 Nf6 36.Nxf6 Rd2+
37.Kg3 Rxc2 38.Ne4 Bd5 39.Re3 Bxe4 40.Rxe4 Rxb2 41.Rc4 Rb3 42.Rc7+ Kg8 43.Rc8+ Kh7
44.Kh4 Rxc3 45.Rb8 Bd4 46.Rb7+ Kg6 47.f5+ Kf6  0-1

[Event "7th Americas Continental 2012"]
[Site "Mar del Plata ARG"]
[Date "2012.10.21"]
[Round "11.71"]
[White "Sepulveda Perez,Jorge Eduardo"]
[Black "Anino,S"]
[Result "0-1"]
[WhiteElo "1953"]
[BlackElo "2226"]

1.Nf3 d5 2.g3 g6 3.Bg2 Bg7 4.O-O e5 5.c4 c6 6.cxd5 cxd5 7.d4 e4 8.Ne1 Nc6
9.e3 f5 10.f3 Nf6 11.Nc3 O-O 12.Qa4 Be6 13.f4 a6 14.b4 Nd7 15.b5 axb5 16.Qxb5 Nxd4
17.exd4 Bxd4+ 18.Kh1 Bxc3 19.Bb2 Qf6 20.Rf2 Rfc8 21.Bxc3 Qxc3 22.Rb1 Qc5
23.Qb2 d4 24.Bf1 Rxa2  0-1

[Event "TCh-SUI National A 2012"]
[Site "Switzerland SUI"]
[Date "2012.10.21"]
[Round "9.3"]
[White "Zueger,B"]
[Black "Hug,W"]
[Result "1/2-1/2"]
[WhiteElo "2425"]
[BlackElo "2469"]

1.g3 d5 2.Nf3 c6 3.Bg2 Bg4 4.c4 Nf6 5.Ne5 Be6 6.cxd5 Bxd5 7.Nf3 c5 8.O-O e6
9.b3 Be7 10.Bb2 O-O 11.d3 Nbd7 12.Nbd2 Rc8  1/2-1/2

[Event "TCh-SUI National A 2012"]
[Site "Switzerland SUI"]
[Date "2012.10.21"]
[Round "9.3"]
[White "Sermier,G"]
[Black "Godena,M"]
[Result "1/2-1/2"]
[WhiteElo "2413"]
[BlackElo "2508"]

1.Nf3 d5 2.g3 Nc6 3.d4 Bf5 4.a3 Nf6 5.Bg2 Qd7 6.h3 e6 7.Nbd2 Ne4 8.O-O Nxd2
9.Qxd2 Be4 10.b3 Be7 11.Bb2 Bf6 12.Rfd1 Rd8 13.Rac1 O-O 14.e3 Ne7 15.c4 c6
16.Qe2 Qc7 17.Bf1 Nf5 18.Ne5 Bxe5 19.dxe5 Qb6 20.b4 dxc4 21.Rxd8 Rxd8 22.Qxc4 Bd5
23.Qf4 Ne7 24.Bd4 Qc7 25.e4 Bb3 26.Bxa7 b6 27.Qe3 Qxa7 28.Qxb3 b5 29.Rd1 Qc7
30.Rxd8+ Qxd8 31.Qd3 Qxd3 32.Bxd3 g5 33.Bc2 Ng6 34.a4 bxa4 35.Bxa4 Nxe5 36.b5 cxb5
37.Bxb5 Kg7 38.Kg2 Ng6 39.Kf3 h5 40.Ke3 h4 41.gxh4 Nxh4 42.e5 Kg6 43.Ke4 Ng2
44.Bf1 Nf4 45.h4 Kh5 46.hxg5 Kxg5 47.Bb5 Nd5  1/2-1/2

[Event "38th Guernsey Open"]
[Site "Guernsey GCI"]
[Date "2012.10.22"]
[Round "2"]
[White "Norman,K"]
[Black "Prins,J"]
[Result "1/2-1/2"]
[WhiteElo "2190"]
[BlackElo "2040"]

1.Nf3 d5 2.g3 c6 3.Bg2 Nf6 4.b3 g6 5.Bb2 Bg7 6.O-O O-O 7.c4 Bf5 8.d3 Na6
9.Nbd2 Rc8 10.a3 Re8 11.Qc2 Bg4 12.Rfe1 Nh5 13.Bxg7 Nxg7 14.Qb2 Bxf3 15.Nxf3 Nc5
16.b4 Na4 17.Qb3 Nb6 18.cxd5 Qxd5 19.Nd2 Qh5 20.d4 Ne6 21.e3 g5 22.h3 a6
23.Ne4 Rc7 24.Rac1 Qg6 25.Nc5 Rd8 26.Nxe6 Qxe6 27.Qxe6 fxe6 28.Rc5 h6 29.Rec1 Kf7
30.Bf3 Rd6 31.Kf1 Rc8 32.Ke2 Rcd8 33.h4 Rg8 34.hxg5 Rxg5 35.Rxg5 hxg5 36.Rh1 Nc4
37.Rh7+ Ke8 38.a4 a5 39.bxa5 Nxa5 40.Rg7 Nc4 41.Rxg5 e5 42.Kd3 b5 43.axb5 cxb5
44.Kc3 exd4+ 45.exd4 Rf6 46.Bh5+ Kd7 47.Rxb5 Nd6 48.Bg4+ Kc7 49.Rb2 Ne4+
50.Kc4 Nxf2 51.Be2 Rg6 52.Bf3 Nh3 53.Rb7+ Kd8 54.g4 e6 55.Kc5 Ke8 56.Be2 Nf2
57.Rh7  1/2-1/2

[Event "4th Marcel Duchamp Open"]
[Site "Buenos Aires ARG"]
[Date "2012.10.23"]
[Round "2.30"]
[White "Flores,N"]
[Black "Lojo,Juan Antonio"]
[Result "1-0"]
[WhiteElo "1944"]
[BlackElo "1616"]

1.Nf3 d5 2.g3 Nf6 3.Bg2 g6 4.c4 Bg7 5.d4 c6 6.b3 O-O 7.O-O Bf5 8.Nc3 Ne4
9.Bb2 Nd7 10.Nh4 Nxc3 11.Bxc3 Be6 12.Qd2 Nf6 13.f4 Bg4 14.h3 Bc8 15.g4 e6
16.g5 Ne8 17.Rad1 Nd6 18.Nf3 Nf5 19.Nh2 b6 20.e4 dxe4 21.Bxe4 Bb7 22.Ng4 Qc7
23.Nf6+ Kh8 24.d5 cxd5 25.Bxf5  1-0

[Event "Danilo Batricevic Mem Balkan GP"]
[Site "Cetinje MNE"]
[Date "2012.10.24"]
[Round "6.17"]
[White "Draganic,V"]
[Black "Batricevic,J"]
[Result "0-1"]
[WhiteElo "2266"]
[BlackElo "2158"]

1.Nf3 d5 2.g3 c5 3.Bg2 Nc6 4.O-O Nf6 5.c4 e6 6.b3 Be7 7.Bb2 d4 8.d3 O-O 9.a3 a5
10.Nbd2 e5 11.Ne1 Ra6 12.Nc2 Rb6 13.Bc1 Ne8 14.Rb1 Be6 15.Re1 Qd7 16.e3 Bg4
17.Bf3 Bxf3 18.Qxf3 dxe3 19.Nxe3 Nc7 20.Nd5 Nxd5 21.cxd5 Nd4 22.Qe4 f5 23.Qxe5 Bf6
24.Qf4 g5 25.Qe3 Qxd5 26.Bb2 Re6 27.Bxd4 Rxe3 28.Bxe3  0-1

[Event "16th Unive Open"]
[Site "Hoogeveen NED"]
[Date "2012.10.24"]
[Round "6"]
[White "Valdes,Le"]
[Black "Willemze,T"]
[Result "1/2-1/2"]
[WhiteElo "2414"]
[BlackElo "2377"]

1.Nf3 d5 2.g3 c5 3.c4 e6 4.Bg2 Nc6 5.O-O Nf6 6.e3 Be7 7.b3 d4 8.exd4 cxd4
9.Re1 O-O 10.Bb2 Ne8 11.Ne5 Nxe5 12.Rxe5 f6 13.Re1 e5 14.Ba3 Bxa3 15.Nxa3 Rb8
16.f4 Qe7 17.c5 Qxc5 18.Qc1 Qxc1 19.Raxc1 exf4 20.gxf4 Nd6 21.Rc5 Re8 22.Rxe8+ Nxe8
23.Nb5 Kf8 24.Nxd4 Bd7 25.b4 Ke7 26.Ra5 a6 27.b5 axb5 28.Nxb5 Rc8 29.Nc3 Bc6
30.Rc5 Rd8 31.Bxc6 bxc6 32.Rxc6 Rxd2 33.a4 Kd7 34.Rc5 Nc7 35.f5 g6 36.Ne4 Rd1+
37.Kf2 gxf5 38.Rxf5 Ke6 39.Rxf6+ Ke5 40.Rf7 Nd5 41.Ng5 Ra1 42.Nf3+ Kd6 43.Rxh7 Rxa4
44.Rf7 Rf4 45.Rxf4 Nxf4 46.Kg3 Ng6 47.Kg4 Ke6 48.Kg5 Kf7 49.Nd4 Kg7 50.Nf5+ Kh7
51.Kf6 Nf4 52.h4 Ng2 53.h5 Nf4 54.h6 Nh3 55.Kf7 Nf2 56.Kf6 Ng4+ 57.Kg5 Nxh6
58.Nxh6  1/2-1/2

[Event "13th Liberec Open 2012"]
[Site "Liberec CZE"]
[Date "2012.10.24"]
[Round "6"]
[White "Plischki,S"]
[Black "Gungl,T"]
[Result "1-0"]
[WhiteElo "2371"]
[BlackElo "1845"]

1.Nf3 d5 2.g3 c6 3.Bg2 Nf6 4.c4 Bf5 5.cxd5 cxd5 6.Qb3 Qc7 7.Nc3 e6 8.d3 Nc6
9.O-O Be7 10.Bf4 Qb6 11.Qxb6 axb6 12.Rfe1 O-O 13.e4 dxe4 14.dxe4 Bg6 15.Ne5 Nxe5
16.Bxe5 Nd7 17.Bd4 e5 18.Nd5 Bc5 19.Bc3 Rfd8 20.b4 Bf8 21.a4 Rac8 22.Bh3 Rc6
23.Rad1 Rd6 24.f3 f6 25.Ne3 Nb8 26.Be6+ Bf7 27.Bd5 Bxd5 28.Nxd5 Kf7 29.Rc1 Rc6
30.Bd2 Rdc8 31.Kf1 Nd7 32.Ke2 Ke6 33.Rc3 Rxc3 34.Bxc3 Rc6 35.Kd3 Bd6 36.g4 h6
37.h4 Kf7 38.Bd2 Bf8 39.h5 Bd6 40.Rc1 Ke6 41.Rc4 Bf8 42.Be3 Bd6 43.Rxc6 bxc6
44.Nxb6 Bxb4 45.Nxd7 Kxd7 46.Kc4 Ba5 47.Bc5  1-0